MARC

LEADER 00000nam0a2200000 4500
001 179943
005 20231031170616.0
020 |a RU  |b 82-36016 
035 |a (RuTPU)RU\TPU\book\195061 
090 |a 179943 
100 |a 20100504d1982 m a0rusy5003 ca 
101 0 |a rus 
102 |a RU 
105 |a y z 000zy 
200 1 |a Вначале были легенды  |f А. С. Варшавский 
210 |a Москва  |c Знание  |d 1982 
215 |a 176 с.  |c ил.  |d 20 см. 
610 1 |a археологические памятники 
610 1 |a археологические находки 
610 1 |a пещеры 
610 1 |a глиняные таблички 
610 1 |a золотое руно 
610 1 |a города 
610 1 |a испанский порт 
675 |a 902.6  |z rus 
700 1 |a Варшавский  |b А. С.  |g Анатолий Семенович  |4 070 
801 0 |a RU  |b RuMRKP  |c 19950704  |g psbo 
801 1 |a RU  |b 63413507  |c 20100504 
801 2 |a RU  |b 63413507  |c 20101027  |g RCR 
942 |c BK